Statystyki dla RODZAJE BUTÓW

Kliknij tutaj aby rozwiązać quiz!

Ogólne statystyki

  • Ten quiz został rozwiązany 74 razy
  • Średni wynik to 4 z 6

Statystyki odpowiedzi

Odpowiedź% Poprawnych
SANDAŁY
70%
KLAPKI
68%
SPORTOWE
64%
SZPILKI
58%
TRAMPKI
56%
ZIMOWE
45%

Rozkład punktacji

Percentyl według liczby udzielonych odpowiedzi

Procent ludzi z każdym wynikiem

Twoja historia wyników

Nie rozwiązałeś tego quizu